000 00354nam a2200133Ia 4500
008 240624s9999 xx 000 0 und d
041 _aeng
082 _a160 SMI
100 _aSMITH E H JUSTIN
245 _aIRRATIONALITY A HISTORY OF THE DARK SIDE
260 _c2019
_aNew Jersey
_bPrinceton University Press
300 _a330p. ;23cm.
365 _c
_b33
999 _c32681
_d32681